01118 a2200229 4500003000500000005001700005010001700022020001500039040000900054082001500063100002400078245006900102250001200171260005500183300003200238505041300270650002900683650002100712942001200733999001900745952012400764Nust20221226115712.0 a 2001056582 a8120321049 cNust00a621.39,JOH1 aJohnson, Curtis D.,10aProcess control instrumentation technology /cCurtis D. Johnson. a7th ed. aUpper Saddle River, N.J. :bPrentice Hall,cc2003. ax, 694 p. :bill. ;c25 cm. aIntroduction to Process Control (Page-10), Analog Signal Conditioning (Page-51), Digital Signal Processing (Page-113), thermal Sensors (Page-165), Mechanical Sensors (Page-213), Optical Sensors (Page-273), Final Control (Page-321), Discrete-State Process Control (Page-367), Controller Principles (Page-419), Analog Controllers (Page-461), Digital Control (Page-499), Control-Loop Characteristics (Page-557). 0aEngineering instruments. 0aProcess control. 2ddccBK c178724d178724 00102ddc4070aMCSbMCScGENd2016-12-12o621.39,JOHpMCS31877r2016-12-08w2016-12-12yBKzAlmirah No.40, Shelf No.1